000
00263nam a2200121Ia 4500
005
20251222144754.0
008
251222s9999||||xx |||||||||||||| ||spa||
082
_a
848.9/R86
100
_a
Roussel, Jean
245
0
_a
PƩguy
264
_b
Fontanella
942
_c
LIB
999
_c
19462
_d
19462